चन्द्रकान्त : (Record no. 122111)
[ view plain ]
| 000 -LEADER | |
|---|---|
| fixed length control field | 01247nam a22002777a 4500 |
| 003 - CONTROL NUMBER IDENTIFIER | |
| control field | dpl |
| 005 - DATE AND TIME OF LATEST TRANSACTION | |
| control field | 20180919130117.0 |
| 008 - FIXED-LENGTH DATA ELEMENTS--GENERAL INFORMATION | |
| fixed length control field | 180919b ||||| |||| 00| 0 eng d |
| 010 ## - LIBRARY OF CONGRESS CONTROL NUMBER | |
| LC control number | B-179652 |
| 020 ## - INTERNATIONAL STANDARD BOOK NUMBER | |
| International Standard Book Number | 8190348310(v.1) |
| Terms of availability | 1800(Set) |
| 020 ## - INTERNATIONAL STANDARD BOOK NUMBER | |
| International Standard Book Number | 8190348329(v.2) |
| Terms of availability | 1800(Set) |
| 020 ## - INTERNATIONAL STANDARD BOOK NUMBER | |
| International Standard Book Number | 8190348337(v.3) |
| Terms of availability | 1800(Set) |
| 035 ## - SYSTEM CONTROL NUMBER | |
| System control number | B-179652, B-179693 |
| 037 ## - SOURCE OF ACQUISITION | |
| Stock number | Cen Lib / Ret |
| 040 ## - CATALOGING SOURCE | |
| Original cataloging agency | DPL |
| Language of cataloging | HN |
| Transcribing agency | 0 |
| 082 ## - DEWEY DECIMAL CLASSIFICATION NUMBER | |
| Classification number | 181.45 |
| Item number | देसाई |
| 100 ## - MAIN ENTRY--PERSONAL NAME | |
| Personal name | देसाई, इच्छाराम सुर्यराम |
| 245 ## - TITLE STATEMENT | |
| Title | चन्द्रकान्त : |
| Remainder of title | वेदान्तज्ञान का मुखग्रंथ / |
| Statement of responsibility, etc | इच्छाराम सुर्यराम देसाई |
| 246 ## - VARYING FORM OF TITLE | |
| Title proper/short title | Chandarkanta : |
| Remainder of title | Vedantagyan ka mukhgranth / |
| 260 ## - PUBLICATION, DISTRIBUTION, ETC. (IMPRINT) | |
| Place of publication, distribution, etc | दिल्ली |
| Name of publisher, distributor, etc | आर्यवर्त संस्कृति संस्थान |
| Date of publication, distribution, etc | 2006 |
| 270 ## - ADDRESS | |
| Address | बी-216, चन्दू नगर करावल नगर रोड |
| City | दिल्ली |
| Postal code | 110094 |
| 300 ## - PHYSICAL DESCRIPTION | |
| Extent | 3 v. ; v 1. 464 ; v 2. 607 ; v 3. 526p.) |
| 650 ## - SUBJECT ADDED ENTRY--TOPICAL TERM | |
| Topical term or geographic name as entry element | Psychology, Religious. |
| 650 ## - SUBJECT ADDED ENTRY--TOPICAL TERM | |
| Topical term or geographic name as entry element | मनोविज्ञान, धार्मिक |
| 942 ## - ADDED ENTRY ELEMENTS (KOHA) | |
| Source of classification or shelving scheme | Dewey Decimal Classification |
| Koha item type | Hindi Books |
| Classification part | 181.45 |
| Call number suffix | देसाई |
| Withdrawn status | Lost status | Materials specified (bound volume or other part) | Damaged status | Not for loan | Collection code | Home library | Current library | Date acquired | Source of acquisition | Cost, normal purchase price | Total Checkouts | Full call number | Barcode | Date last seen | Copy number | Cost, replacement price | Price effective from | Koha item type | Source of classification or shelving scheme | Date checked out |
|---|---|---|---|---|---|---|---|---|---|---|---|---|---|---|---|---|---|---|---|---|
| v 2 | Not For Loan | Reference | Central Library | Central Library | 01/03/2016 | Cen Lib/Ret | 700.00 | 181.45 देसाई | B-179674 | 01/03/2016 | 2 | 700.00 | 01/03/2016 | Hindi Books | ||||||
| v 3 | Not For Loan | Reference | Central Library | Central Library | 01/03/2016 | Cen Lib/Ret | 700.00 | 181.45 देसाई | B-179696 | 01/03/2016 | 3 | 700.00 | 01/03/2016 | Hindi Books | ||||||
| v 1 | Not For Loan | Reference | Central Library | Central Library | 01/03/2016 | Cen Lib/Ret | 700.00 | 181.45 देसाई | B-179652 | 01/03/2016 | 1 | 700.00 | 01/03/2016 | Hindi Books | ||||||
| Non-fiction | Shahdara Branch | Shahdara Branch | 19/09/2018 | BPPD/PUB | 700.00 | 2 | 181.45 देसाई | B-179693 | 10/12/2018 | 700.00 | 19/09/2018 | Hindi Books | Dewey Decimal Classification | 25/11/2018 |
